Reglamento de las viviendas protegidas de Torelló y Manlleu
Descripción Física:
23 p. ; 15 cm
MARC
| LEADER | 00000nam a2200000Ia 4500 | ||
|---|---|---|---|
| 001 | 20521 | ||
| 008 | 160829s1943 xx 000 0 cat d | ||
| 080 | |a FU-12-64 | ||
| 245 | |a Reglamento de las viviendas protegidas de Torelló y Manlleu | ||
| 260 | |a Barcelona : |b Diputación Provincial de Barcelona, |c 1943 | ||
| 300 | |a 23 p. ; |c 15 cm | ||
| 590 | |a Prové de B-908, exp. 105 | ||
| 650 | |a Habitatge públic |x Reglaments i procediment |x Torelló |9 47983 | ||
| 650 | |a Habitatge públic |x Reglaments i procediment |x Manlleu |9 47984 | ||
| 710 | 1 | |a Barcelona (Catalunya : Província). |b Diputació |9 52408 | |
| 856 | 4 | |u https://media.diba.cat/diba/fitxers/arxiu/fulletons/bib_20521_baixa.pdf |y Accés lliure | |
| 856 | 4 | |u https://media.diba.cat/diba/fitxers/arxiu/fulletons/bib_20521_baixa.pdf |y Accés lliure | |
| 901 | |a Arxiu | ||
| 942 | |n 1 |2 udc | ||
| 952 | |0 0 |1 0 |4 0 |6 FU1264 |7 1 |9 54255 |a Arxiu |b Arxiu |d 2016-12-01 |l 0 |o FU-12-64 |p 20521 |r 2016-12-01 00:00:00 |w 2016-12-01 |y ARXIU | ||
| 999 | |c 58124 |d 58124 | ||
| 900 | |a bib_20521_baixa.pdf | ||